00816 2200289 4500001002100000005001500021035002000036007000300056008004100059020002200100040002200122082001400144084001600158090002200174100002500196245003800221250003600259300004900295650002000344850001200364264003200376336002100408337003000429338002300459999002200482990002200504INLIS00000000086770020220208085347 a0010-0222000167ta220204s2021 yoia gr 0 ind d a978-623-02-3403-3 aYOPDYOGbinderda04223a650.1 a650.1 NON m aCB-D.11 2021-14210 aNong Ellaepengarang10aMuslimah Millionaire /cNong Ella aCetakan pertama: September 2021 axviii, 360 halaman :bfoto berwarna ;c20 cm 4aSukses (Bisnis) aYOPDYOG31aSleman :bDeepublish,c2021 2rdacontentateks 2rdamediaatanpa perantara 2rdacarrieravolume aCB-D.11/2021-1421 aCB-D.11/2021-1421